| 000 | 00710cam a22002291a 4500 | ||
|---|---|---|---|
| 999 |
_c50493 _d50493 |
||
| 001 | 15882912 | ||
| 005 | 20221114150244.0 | ||
| 008 | 090825s2011 paua b 001 0 eng | ||
| 020 | _a9781416045748x | ||
| 041 | _aeng | ||
| 080 | _a612(075.5) H-19 | ||
| 100 | 1 |
_aHall, John E. _q _d _97315 |
|
| 245 | 1 | 0 |
_aGuyton and Hall textbook of medical physiology / _cJohn Hall. |
| 246 | 3 | 0 | _aTextbook of medical physiology |
| 250 | _a12th ed. | ||
| 264 |
_aPhiladelphia, Pa. : _bSaunders/Elsevier, _cc2011. |
||
| 300 |
_axix, 1091 p. : _bill. (mostly col.) ; _c29 cm. |
||
| 653 | _aმედიცინა | ||
| 653 | _aფიზიოლოგია | ||
| 700 | 1 |
_aGuyton, Arthur C. _97318 |
|
| 942 |
_2udc _cBK |
||